00872nam a2200205 a 4500003000900000005001700009007000300026008004100029040002500070082001400095245022500109260004000334300003800374650003100412650005000443700003700493700002800530700002900558710007900587DO-SdBNP20240318114956.0ta220506e2019 dr ao||er|||| 00| 0 spa d aDO-SdBNPbspacBNPHU 4222bM395v00aMasculinidades y violencia de género en zonas rurales y urbano-marginales de cuatro provincias del país:bresumen ejecutivo. /cCompilado Thaira Vargas García ; editor Carolina Acuña ; presentación Magaly Caram aSanto Domingo :bProfamilia,c2019. a15 p. :bil., fotograf. ;c28 cm. 4aViolenciaxInvestigaciones 4aViolencia de génerozRepública Dominicana1 aVargas García, Thaira, ecomp.1 aAcuña, Carolina,ded. 2aCaram, Magaly,epresent.2 aInstituto de Estudios de Población y Desarrollo (República Dominicana)